Economic Analysis of Mergers of Business Entities of the Creative Industries

Ekonomická analýza fúzií podnikateľských subjektov a zhodnotenie modelového zlúčenia dvoch spoločností z kreatívneho priemyslu. Návrh fúzie spoločností na základe pomeru akcií.

Guardado en:
Detalles Bibliográficos
Autor principal: Kovalev, Andrej
Formato: Capítulo de libro
Lenguaje:eslovaco
Materias:
Etiquetas: Agregar Etiqueta
Sin Etiquetas, Sea el primero en etiquetar este registro!

MARC

LEADER 00000naa$a2200000$$$4500
001 0254492
005 20240502074052.8
041 0 |a slo 
044 |a SK 
245 1 0 |a Economic Analysis of Mergers of Business Entities of the Creative Industries  |c Andrej Kovalev 
520 |a Ekonomická analýza fúzií podnikateľských subjektov a zhodnotenie modelového zlúčenia dvoch spoločností z kreatívneho priemyslu. Návrh fúzie spoločností na základe pomeru akcií. 
610 2 0 |a fúzie 
610 2 0 |a priemysel kreatívny 
610 2 0 |a analýza ekonomická 
610 2 0 |a spoločnosti 
610 2 0 |a akcie 
100 1 |a Kovalev, Andrej